[Event "Barrinha Calil Memorial"]
[Site "Barrinha"]
[Date "2009.02.23"]
[Round "6"]
[White "Batista, Juvenal Pereira"]
[Black "Barbosa, Evandro Amorim"]
[Result "1/2-1/2"]
[WhiteElo "2210"]
[BlackElo "2220"]
[PlyCount "63"]
[EventDate "2009.02.20"]
[EventType "tourn"]
[EventRounds "9"]
[EventCountry "BRA"]
[SourceTitle "EXT 2011"]
[Source "ChessBase"]
[SourceDate "2010.11.26"]
[SourceVersion "1"]
[SourceVersionDate "2010.11.26"]
[SourceQuality "1"]

1. c4 g6 2. g3 Bg7 3. Bg2 d6 4. Nc3 e5 5. d3 Nc6 6. e4 f5 7. Nge2 Nf6 8. Bg5 h6
9. Bxf6 Qxf6 10. Nd5 Qd8 11. O-O O-O 12. Rb1 Be6 13. b4 Qd7 14. b5 Nd8 15. a4
c6 16. bxc6 bxc6 17. Ndc3 f4 18. f3 h5 19. Qb3 Rf7 20. gxf4 exf4 21. d4 Rc8 22.
d5 cxd5 23. cxd5 Bh3 24. Nb5 Be5 25. Nbd4 Bxg2 26. Kxg2 Qe7 27. Rfc1 Rxc1 28.
Rxc1 Qg5+ 29. Kh1 Rb7 30. Qc4 Qf6 31. Rg1 Kh7 32. Nc6 1/2-1/2

[Event "Barrinha Calil Memorial"]
[Site "Barrinha"]
[Date "2009.02.24"]
[Round "8"]
[White "Brandao, Evandro Alves"]
[Black "Barbosa, Evandro Amorim"]
[Result "1-0"]
[WhiteElo "2090"]
[BlackElo "2220"]
[PlyCount "106"]
[EventDate "2009.02.20"]
[EventType "tourn"]
[EventRounds "9"]
[EventCountry "BRA"]
[SourceTitle "EXT 2011"]
[Source "ChessBase"]
[SourceDate "2010.11.26"]
[SourceVersion "1"]
[SourceVersionDate "2010.11.26"]
[SourceQuality "1"]

1. e4 c5 2. Nf3 Nc6 3. d4 cxd4 4. Nxd4 e5 5. Nb5 d6 6. N1c3 a6 7. Na3 b5 8. Nd5
Nf6 9. Bg5 Be7 10. Bxf6 Bxf6 11. c3 Bg5 12. Nc2 Rb8 13. h4 Bh6 14. a4 bxa4 15.
Ncb4 Nxb4 16. Nxb4 Rb6 17. Qxa4+ Bd7 18. Qa5 O-O 19. Bxa6 f5 20. exf5 Bxf5 21.
Nd5 Bd2+ 22. Kxd2 Rxb2+ 23. Ke3 Qe8 24. Ra2 Rb8 25. h5 Kh8 26. Qc7 Be6 27. c4
Rb3+ 28. Ke2 Bg4+ 29. f3 Bxh5 30. Qe7 Qxe7 31. Nxe7 Rbxf3 32. gxf3 Bxf3+ 33.
Ke3 Bxh1 34. Rh2 Rf3+ 35. Ke2 Ra3 36. Rxh1 Rxa6 37. Ke3 h6 38. Ke4 Kh7 39. Kd5
g5 40. Nf5 Kg6 41. Nxd6 g4 42. c5 h5 43. Ne4 Ra3 44. c6 Ra5+ 45. Kd6 Kf5 46.
Ng3+ Kf4 47. Nxh5+ Kf3 48. c7 Ra8 49. Kxe5 g3 50. Rg1 g2 51. Kd6 Rh8 52. Nf6
Kf2 53. Ng4+ Kf3 1-0

[Event "Barrinha Calil Memorial"]
[Site "Barrinha"]
[Date "2009.02.24"]
[Round "9"]
[White "Barbosa, Evandro Amorim"]
[Black "Brandao, Renan Alves"]
[Result "1-0"]
[WhiteElo "2220"]
[BlackElo "2003"]
[PlyCount "63"]
[EventDate "2009.02.20"]
[EventType "tourn"]
[EventRounds "9"]
[EventCountry "BRA"]
[SourceTitle "EXT 2011"]
[Source "ChessBase"]
[SourceDate "2010.11.26"]
[SourceVersion "1"]
[SourceVersionDate "2010.11.26"]
[SourceQuality "1"]

1. e4 e5 2. Nf3 Nc6 3. Bb5 a6 4. Ba4 Nf6 5. O-O Be7 6. Re1 b5 7. Bb3 O-O 8. h3
Bb7 9. d3 a5 10. a4 b4 11. Nbd2 d6 12. Nf1 Bc8 13. Ne3 Be6 14. Nd5 Nd4 15. Nxd4
exd4 16. Nxe7+ Qxe7 17. e5 dxe5 18. Rxe5 Qd7 19. Bxe6 fxe6 20. Qe2 Ra6 21. Bg5
Nd5 22. Re1 h6 23. Bd2 Rf6 24. Qg4 Qf7 25. Qxd4 Rc6 26. c4 bxc3 27. bxc3 Nf4
28. Rxa5 Rd6 29. Ra8+ Kh7 30. Qe4+ g6 31. d4 Nd5 32. Qe2 1-0

[Event "Brasilia TR Centro Oeste op"]
[Site "Brasilia"]
[Date "2009.04.??"]
[Round "2"]
[White "Ribeiro, Valdir Uchoa Jr"]
[Black "Barbosa, Evandro Amorim"]
[Result "0-1"]
[WhiteElo "1963"]
[BlackElo "2220"]
[PlyCount "64"]
[EventDate "2009.04.??"]
[EventType "swiss"]
[EventRounds "7"]
[EventCountry "BRA"]
[SourceTitle "EXT 2011"]
[Source "ChessBase"]
[SourceDate "2010.11.26"]
[SourceVersion "1"]
[SourceVersionDate "2010.11.26"]
[SourceQuality "1"]

1. e4 c5 2. Nf3 Nc6 3. Bb5 e6 4. O-O Nge7 5. c3 a6 6. Be2 d5 7. exd5 Nxd5 8. d4
cxd4 9. Nxd4 Bd6 10. Nxc6 bxc6 11. c4 Nf6 12. Nd2 Qc7 13. Nf3 O-O 14. Qc2 c5
15. b3 Bb7 16. Bb2 Rad8 17. h3 Ne4 18. Rad1 f5 19. Ba1 e5 20. Qb2 Rde8 21. Nd2
Ng5 22. Qc3 Ne6 23. Rfe1 Nd4 24. Nf1 e4 25. Ne3 f4 26. Nd5 Bxd5 27. cxd5 f3 28.
Bc4 fxg2 29. Rxd4 cxd4 30. Qxd4 Qf7 31. Qe3 Qg6 32. Bd4 Rf3 0-1

[Event "Brasilia TR Centro Oeste op"]
[Site "Brasilia"]
[Date "2009.04.??"]
[Round "3"]
[White "Barbosa, Evandro Amorim"]
[Black "Mariano, Marceley Martins"]
[Result "1-0"]
[WhiteElo "2220"]
[BlackElo "2043"]
[PlyCount "53"]
[EventDate "2009.04.??"]
[EventType "swiss"]
[EventRounds "7"]
[EventCountry "BRA"]
[SourceTitle "EXT 2011"]
[Source "ChessBase"]
[SourceDate "2010.11.26"]
[SourceVersion "1"]
[SourceVersionDate "2010.11.26"]
[SourceQuality "1"]

1. e4 c5 2. Nf3 Nc6 3. d4 cxd4 4. Nxd4 d6 5. Nc3 a6 6. Be3 Nf6 7. f3 e5 8. Nb3
Be6 9. Nd5 Bxd5 10. exd5 Na5 11. Qd2 Nxb3 12. axb3 Be7 13. Be2 O-O 14. O-O Nd7
15. b4 f5 16. b5 axb5 17. Bxb5 Qc7 18. c4 Nc5 19. Rxa8 Rxa8 20. b4 Nd7 21. c5
Rc8 22. c6 Nf6 23. Ra1 b6 24. Ra6 Rb8 25. Qa2 f4 26. Ra7 Qc8 27. c7 1-0

[Event "Brasilia TR Centro Oeste op"]
[Site "Brasilia"]
[Date "2009.04.??"]
[Round "4"]
[White "Matsuura, Everaldo"]
[Black "Barbosa, Evandro Amorim"]
[Result "1/2-1/2"]
[WhiteElo "2483"]
[BlackElo "2220"]
[PlyCount "111"]
[EventDate "2009.04.??"]
[EventType "swiss"]
[EventRounds "7"]
[EventCountry "BRA"]
[SourceTitle "EXT 2011"]
[Source "ChessBase"]
[SourceDate "2010.11.26"]
[SourceVersion "1"]
[SourceVersionDate "2010.11.26"]
[SourceQuality "1"]

1. e4 c5 2. Nf3 Nc6 3. d4 cxd4 4. Nxd4 Nf6 5. Nc3 e5 6. Ndb5 d6 7. Bg5 a6 8.
Na3 b5 9. Nd5 Be7 10. Bxf6 Bxf6 11. c3 Bg5 12. Nc2 Ne7 13. h4 Bh6 14. a4 bxa4
15. Ncb4 O-O 16. Qxa4 Nxd5 17. Nxd5 a5 18. b4 Bd7 19. b5 Be6 20. Bc4 Kh8 21. g3
f5 22. exf5 Bxf5 23. Be2 Be6 24. Qe4 Qc8 25. O-O Qc5 26. c4 Bh3 27. Bd3 Bf5 28.
Qe2 e4 29. Bc2 Bh3 30. Bxe4 Bxf1 31. Rxf1 Rae8 32. Qd3 Re5 33. Kg2 g6 34. f4
Re6 35. f5 gxf5 36. Bxf5 Ree8 37. b6 a4 38. Ra1 a3 39. g4 Bg7 40. Rxa3 Re1 41.
Ne3 Qxb6 42. Rb3 Qa7 43. Ra3 Qb7+ 44. Kf2 Qh1 45. Ra7 Qxh4+ 46. Kg2 Qh1+ 47.
Kf2 Qg1+ 48. Kf3 Qh1+ 49. Kf2 Rg1 50. Rxg7 Kxg7 51. Qxd6 Ra1 52. Qe5+ Rf6 53.
Qe7+ Rf7 54. Qe5+ Rf6 55. Qe7+ Rf7 56. Qe5+ 1/2-1/2

[Event "Brasilia TR Centro Oeste op"]
[Site "Brasilia"]
[Date "2009.04.??"]
[Round "5"]
[White "Barbosa, Evandro Amorim"]
[Black "Shumyatsky, Victor"]
[Result "1-0"]
[WhiteElo "2220"]
[BlackElo "2132"]
[PlyCount "60"]
[EventDate "2009.04.??"]
[EventType "swiss"]
[EventRounds "7"]
[EventCountry "BRA"]
[SourceTitle "EXT 2011"]
[Source "ChessBase"]
[SourceDate "2010.11.26"]
[SourceVersion "1"]
[SourceVersionDate "2010.11.26"]
[SourceQuality "1"]

1. e4 c5 2. Nf3 Nc6 3. d4 cxd4 4. Nxd4 Nf6 5. Nc3 d6 6. Bg5 e6 7. Qd2 a6 8.
O-O-O h6 9. Nxc6 bxc6 10. Bf4 d5 11. Qe3 Bb4 12. a3 Bxc3 13. Qxc3 Nxe4 14. Qxg7
Qf6 15. Qxf6 Nxf6 16. Be5 Ke7 17. g4 Rg8 18. f3 h5 19. h3 Nd7 20. Bg3 a5 21. a4
Ba6 22. Bxa6 Rxa6 23. b3 f6 24. Rdg1 e5 25. Be1 Kf7 26. Bd2 Rh8 27. g5 Rg8 28.
gxf6 Nxf6 29. Re1 Nd7 30. Rhg1 Ke7 1-0

[Event "Brasilia TR Centro Oeste op"]
[Site "Brasilia"]
[Date "2009.04.??"]
[Round "6"]
[White "Rocha, Wellington Carlos"]
[Black "Barbosa, Evandro Amorim"]
[Result "1-0"]
[WhiteElo "2434"]
[BlackElo "2220"]
[PlyCount "89"]
[EventDate "2009.04.??"]
[EventType "swiss"]
[EventRounds "7"]
[EventCountry "BRA"]
[SourceTitle "EXT 2011"]
[Source "ChessBase"]
[SourceDate "2010.11.26"]
[SourceVersion "1"]
[SourceVersionDate "2010.11.26"]
[SourceQuality "1"]

1. d4 Nf6 2. c4 g6 3. Nc3 Bg7 4. e4 d6 5. Nf3 O-O 6. Be2 c5 7. d5 e6 8. O-O
exd5 9. exd5 Bg4 10. h3 Bxf3 11. Bxf3 Nbd7 12. Qc2 Re8 13. Bd2 a6 14. a4 Qe7
15. a5 Qf8 16. Be2 Re7 17. f4 Kh8 18. Bf3 Ng8 19. Ne4 Ree8 20. Ra3 Bd4+ 21. Kh2
Ndf6 22. Ng3 Nd7 23. Rb3 Rab8 24. Ne2 Bg7 25. g4 Nh6 26. Ng3 f5 27. Kg2 b5 28.
axb6 Nxb6 29. g5 Nf7 30. h4 Nd7 31. Rxb8 Rxb8 32. b3 Nd8 33. h5 Kg8 34. Bd1 Nb7
35. Qa2 Ra8 36. Qa4 Qc8 37. Qc6 Nd8 38. Qa4 Nb7 39. Re1 Kf7 40. h6 Bh8 41. Nxf5
gxf5 42. Bh5+ Kf8 43. Re6 Qd8 44. Qc6 Rb8 45. Ba5 1-0

[Event "Brasilia TR Centro Oeste op"]
[Site "Brasilia"]
[Date "2009.04.??"]
[Round "7"]
[White "Saldano Dayer, Horacio"]
[Black "Barbosa, Evandro Amorim"]
[Result "1-0"]
[WhiteElo "2450"]
[BlackElo "2220"]
[PlyCount "41"]
[EventDate "2009.04.??"]
[EventType "swiss"]
[EventRounds "7"]
[EventCountry "BRA"]
[SourceTitle "EXT 2011"]
[Source "ChessBase"]
[SourceDate "2010.11.26"]
[SourceVersion "1"]
[SourceVersionDate "2010.11.26"]
[SourceQuality "1"]

1. e4 c5 2. Nf3 Nc6 3. Bb5 e6 4. O-O Nge7 5. Re1 a6 6. Bxc6 Nxc6 7. d4 cxd4 8.
Nxd4 d6 9. Nc3 Be7 10. Nxc6 bxc6 11. Qg4 Bf6 12. e5 dxe5 13. Ne4 h5 14. Qg3 Bb7
15. Be3 Qd5 16. Bb6 h4 17. Qg4 Be7 18. c4 Qd3 19. Rad1 Qc2 20. Qxg7 Rf8 21.
Nf6+ 1-0

[Event "Sete Lagoas op"]
[Site "Sete Lagoas"]
[Date "2009.07.17"]
[Round "2"]
[White "Marino, Felipe Gabriel"]
[Black "Barbosa, Evandro Amorim"]
[Result "0-1"]
[WhiteElo "1594"]
[BlackElo "2279"]
[PlyCount "38"]
[EventDate "2009.07.17"]
[EventType "swiss"]
[EventRounds "6"]
[EventCountry "BRA"]
[SourceTitle "EXT 2012"]
[Source "ChessBase"]
[SourceDate "2011.11.24"]
[SourceVersion "1"]
[SourceVersionDate "2011.11.24"]
[SourceQuality "1"]

1. d4 Nf6 2. c4 c5 3. Nf3 cxd4 4. Nxd4 Nc6 5. Nc3 g6 6. e3 Bg7 7. a3 O-O 8. Qc2
Nxd4 9. exd4 d5 10. c5 b6 11. b4 bxc5 12. bxc5 Ne4 13. Be3 Qa5 14. Bd2 Nxd2 15.
Qxd2 Bb7 16. Bd3 Bxd4 17. Nb5 Qxd2+ 18. Kxd2 Bxa1 19. Rxa1 Rfc8 0-1

[Event "Sete Lagoas op"]
[Site "Sete Lagoas"]
[Date "2009.07.18"]
[Round "3"]
[White "Barbosa, Evandro Amorim"]
[Black "Magalhaes, Joao Luiz"]
[Result "1-0"]
[WhiteElo "2279"]
[BlackElo "2024"]
[PlyCount "73"]
[EventDate "2009.07.17"]
[EventType "swiss"]
[EventRounds "6"]
[EventCountry "BRA"]
[SourceTitle "EXT 2012"]
[Source "ChessBase"]
[SourceDate "2011.11.24"]
[SourceVersion "1"]
[SourceVersionDate "2011.11.24"]
[SourceQuality "1"]

1. e4 d6 2. d4 Nf6 3. Nc3 g6 4. Be3 Bg7 5. Qd2 c6 6. h3 Qa5 7. Nf3 Nbd7 8. Bd3
a6 9. a4 Qc7 10. a5 c5 11. O-O cxd4 12. Bxd4 O-O 13. Rfe1 e5 14. Be3 Nc5 15. b4
Nxd3 16. cxd3 Be6 17. Na4 Qe7 18. Nb6 Rad8 19. Rac1 Ne8 20. d4 f5 21. exf5 Rxf5
22. Bg5 Bf6 23. Bxf6 Qxf6 24. dxe5 dxe5 25. Qe3 Bd5 26. Nxe5 Bc6 27. Ng4 Qf8
28. Nh6+ Kh8 29. Nxf5 Qxf5 30. Qe5+ Qxe5 31. Rxe5 Nc7 32. Re7 Nb5 33. Nc4 Rf8
34. Ne5 Nd4 35. Nxc6 bxc6 36. Rc4 Rd8 37. Ra7 1-0

[Event "Sete Lagoas op"]
[Site "Sete Lagoas"]
[Date "2009.07.18"]
[Round "4"]
[White "Rodi, Luis Ernesto"]
[Black "Barbosa, Evandro Amorim"]
[Result "1-0"]
[WhiteElo "2374"]
[BlackElo "2279"]
[PlyCount "97"]
[EventDate "2009.07.17"]
[EventType "swiss"]
[EventRounds "6"]
[EventCountry "BRA"]
[SourceTitle "EXT 2012"]
[Source "ChessBase"]
[SourceDate "2011.11.24"]
[SourceVersion "1"]
[SourceVersionDate "2011.11.24"]
[SourceQuality "1"]

1. e4 c5 2. Nc3 e6 3. Nf3 a6 4. g3 Nc6 5. Bg2 d6 6. O-O Qc7 7. d3 Be7 8. Ne1
Nf6 9. f4 h6 10. Nf3 d5 11. Kh1 O-O 12. e5 Nd7 13. Qe1 f6 14. exf6 Nxf6 15. Bh3
Nd4 16. Nxd4 cxd4 17. Bxe6+ Bxe6 18. Qxe6+ Kh8 19. Nxd5 Nxd5 20. Qxd5 Qxc2 21.
Qb3 Rac8 22. Qxc2 Rxc2 23. f5 Bf6 24. Re1 Rfc8 25. Bf4 Rxb2 26. Rab1 Rcc2 27.
Rxb2 Rxb2 28. Be5 Bxe5 29. Rxe5 Kg8 30. Rd5 Rxa2 31. Rd8+ Kf7 32. Rd7+ Kf6 33.
Rxb7 Kxf5 34. Rxg7 a5 35. Rf7+ Ke5 36. Re7+ Kd6 37. Rh7 a4 38. Rxh6+ Kc5 39. h4
a3 40. Ra6 Kb4 41. h5 Re2 42. h6 Kb3 43. g4 a2 44. h7 Re8 45. g5 Kb2 46. g6 Rh8
47. Kg2 a1=Q 48. Rxa1 Kxa1 49. g7 1-0

[Event "Sete Lagoas op"]
[Site "Sete Lagoas"]
[Date "2009.07.19"]
[Round "5"]
[White "Barbosa, Evandro Amorim"]
[Black "Gazel Pereira, Frederico"]
[Result "1/2-1/2"]
[WhiteElo "2279"]
[BlackElo "2278"]
[PlyCount "61"]
[EventDate "2009.07.17"]
[EventType "swiss"]
[EventRounds "6"]
[EventCountry "BRA"]
[SourceTitle "EXT 2012"]
[Source "ChessBase"]
[SourceDate "2011.11.24"]
[SourceVersion "1"]
[SourceVersionDate "2011.11.24"]
[SourceQuality "1"]

1. e4 e5 2. Nf3 Nc6 3. Bb5 a6 4. Ba4 Nf6 5. O-O Be7 6. Re1 b5 7. Bb3 d6 8. c3
O-O 9. h3 Na5 10. Bc2 c5 11. d4 Nd7 12. Nbd2 exd4 13. cxd4 Nc6 14. d5 Nce5 15.
a4 Rb8 16. axb5 axb5 17. Nxe5 Nxe5 18. f4 Ng6 19. Nf3 Bh4 20. Rf1 Bg3 21. f5
Ne5 22. Ng5 Nd7 23. Nxh7 Kxh7 24. f6 g6 25. Qd2 Nxf6 26. Qh6+ Kg8 27. Bg5 Be5
28. Qh4 Kg7 29. Qh6+ Kg8 30. Qh4 Kg7 31. Qh6+ 1/2-1/2

[Event "Itauna op"]
[Site "Itauna"]
[Date "2009.08.22"]
[Round "4"]
[White "Dos Santos, Maicon Ferreira"]
[Black "Barbosa, Evandro Amorim"]
[Result "0-1"]
[WhiteElo "2022"]
[BlackElo "2279"]
[PlyCount "60"]
[EventDate "2009.08.21"]
[EventType "swiss"]
[EventRounds "6"]
[EventCountry "BRA"]
[SourceTitle "CBM 132 Extra"]
[Source "ChessBase"]
[SourceDate "2009.11.03"]
[SourceVersion "1"]
[SourceVersionDate "2009.11.03"]
[SourceQuality "1"]

1. e4 c5 2. Nf3 Nc6 3. d4 cxd4 4. Nxd4 e6 5. Nc3 Qc7 6. a3 a6 7. Be3 Nf6 8. Be2
Be7 9. O-O O-O 10. f4 d6 11. Qd2 Bd7 12. Bf3 Nxd4 13. Bxd4 e5 14. Bf2 Bc6 15.
Rfd1 b5 16. f5 Qb7 17. Qe2 a5 18. Nd5 Bxd5 19. exd5 Rfe8 20. Be4 Rac8 21. b3
Bd8 22. a4 b4 23. Kh1 Qc7 24. Ra2 Nd7 25. Rd3 Bf6 26. Rh3 Qd8 27. Qh5 h6 28.
Be3 Bg5 29. Bxg5 Qxg5 30. Qxg5 hxg5 0-1

[Event "Itauna op"]
[Site "Itauna"]
[Date "2009.08.22"]
[Round "5"]
[White "Barbosa, Evandro Amorim"]
[Black "Deus Filho, Joaquim"]
[Result "1-0"]
[WhiteElo "2279"]
[BlackElo "1990"]
[PlyCount "91"]
[EventDate "2009.08.21"]
[EventType "swiss"]
[EventRounds "6"]
[EventCountry "BRA"]
[SourceTitle "CBM 132 Extra"]
[Source "ChessBase"]
[SourceDate "2009.11.03"]
[SourceVersion "1"]
[SourceVersionDate "2009.11.03"]
[SourceQuality "1"]

1. e4 c5 2. Nf3 d6 3. c3 Qc7 4. d4 e5 5. dxe5 dxe5 6. Bc4 Nc6 7. O-O Be7 8.
Nbd2 Nf6 9. Re1 a6 10. Bb3 O-O 11. Nf1 b5 12. h3 c4 13. Bc2 Be6 14. N3h2 Nd7
15. Ne3 Rad8 16. Qf3 Nb6 17. Nf5 Bxf5 18. exf5 Nd7 19. Ng4 f6 20. b4 Nb6 21.
Be4 Na7 22. h4 Nac8 23. h5 Nd6 24. h6 Nf7 25. Qg3 Kh8 26. hxg7+ Kxg7 27. Bh6+
Nxh6 28. Nxe5+ Ng4 29. Qxg4+ Kh8 30. Nc6 Rd7 31. Nd4 Rg8 32. Qh4 Nd5 33. Bxd5
Rxd5 34. Re6 Re5 35. Re1 Rxe1+ 36. Rxe1 a5 37. a3 axb4 38. axb4 Bd8 39. Qe4 Qf7
40. Nxb5 Bb6 41. Qe7 Rg7 42. Qe8+ Qg8 43. Qxg8+ Rxg8 44. Re6 Bd8 45. Nd6 Kg7
46. Ne4 1-0

[Event "Itauna op"]
[Site "Itauna"]
[Date "2009.08.23"]
[Round "6"]
[White "Lucena, Lincoln"]
[Black "Barbosa, Evandro Amorim"]
[Result "0-1"]
[WhiteElo "2150"]
[BlackElo "2279"]
[PlyCount "76"]
[EventDate "2009.08.21"]
[EventType "swiss"]
[EventRounds "6"]
[EventCountry "BRA"]
[SourceTitle "CBM 132 Extra"]
[Source "ChessBase"]
[SourceDate "2009.11.03"]
[SourceVersion "1"]
[SourceVersionDate "2009.11.03"]
[SourceQuality "1"]

1. e4 c5 2. Nc3 Nc6 3. g3 g6 4. Bg2 Bg7 5. d3 d6 6. Be3 e6 7. f4 Nge7 8. Nf3 b6
9. O-O O-O 10. Qd2 Ba6 11. g4 d5 12. exd5 exd5 13. Bf2 Qd7 14. h3 f5 15. g5 d4
16. Ne2 Rae8 17. Nh4 Nd5 18. Bxd5+ Qxd5 19. Ng3 Bb7 20. Rfe1 Nd8 21. Rxe8 Rxe8
22. Kh2 Bf8 23. Rg1 Ne6 24. Ne2 Qxa2 25. c3 Qa4 26. Ng2 Qb5 27. h4 Bd6 28. Bg3
Qc6 29. Ne1 Nc7 30. Bf2 Nd5 31. Ng2 Qc7 32. Re1 Re7 33. h5 a5 34. h6 Qb8 35.
Kg1 Qe8 36. c4 Nc7 37. Bg3 Qc6 38. Nh4 Re3 0-1

[Event "Americana op"]
[Site "Americana"]
[Date "2009.09.05"]
[Round "1"]
[White "Branchini, Fernando Luis Sakam"]
[Black "Barbosa, Evandro Amorim"]
[Result "0-1"]
[WhiteElo "1819"]
[BlackElo "2293"]
[PlyCount "70"]
[EventDate "2009.09.05"]
[EventType "swiss"]
[EventRounds "6"]
[EventCountry "BRA"]
[SourceTitle "CBM 132 Extra"]
[Source "ChessBase"]
[SourceDate "2009.11.03"]
[SourceVersion "1"]
[SourceVersionDate "2009.11.03"]
[SourceQuality "1"]

1. e4 c5 2. Nf3 Nc6 3. d4 cxd4 4. Nxd4 Nf6 5. Nc3 e5 6. Ndb5 d6 7. Bg5 a6 8.
Na3 b5 9. Nd5 Be7 10. Bxf6 Bxf6 11. c3 Bg5 12. g3 O-O 13. Bg2 Ne7 14. Nxe7+
Qxe7 15. O-O Be6 16. f4 Bf6 17. f5 Bd7 18. Nc2 a5 19. a3 Bc6 20. Qd3 Qb7 21. b4
Rfd8 22. Ne3 Bg5 23. Nd5 Bxd5 24. exd5 Rac8 25. Kh1 Rc4 26. h4 Bf6 27. Rac1
Rdc8 28. Rc2 Qc7 29. Rfc1 Qe7 30. Be4 h6 31. Kg2 Bxh4 32. gxh4 Qxh4 33. Re2
Qg5+ 34. Qg3 Qxc1 35. f6 Qg5 0-1

[Event "Americana op"]
[Site "Americana"]
[Date "2009.09.05"]
[Round "2"]
[White "Barbosa, Evandro Amorim"]
[Black "Deus Filho, Joaquim"]
[Result "1-0"]
[WhiteElo "2293"]
[BlackElo "2004"]
[PlyCount "51"]
[EventDate "2009.09.05"]
[EventType "swiss"]
[EventRounds "6"]
[EventCountry "BRA"]
[SourceTitle "CBM 132 Extra"]
[Source "ChessBase"]
[SourceDate "2009.11.03"]
[SourceVersion "1"]
[SourceVersionDate "2009.11.03"]
[SourceQuality "1"]

1. e4 c5 2. Nf3 g6 3. d4 Bg7 4. Nc3 cxd4 5. Nxd4 Nc6 6. Be3 Nf6 7. Bc4 O-O 8.
Bb3 d6 9. f3 Bd7 10. Qd2 Qa5 11. O-O-O Rfc8 12. Kb1 Ne5 13. h4 Rc4 14. Nde2
Rac8 15. Bh6 Bh8 16. h5 Qc7 17. hxg6 fxg6 18. Bg5 Be6 19. Nf4 Bf7 20. Nfd5 Qd8
21. Bxf6 exf6 22. f4 Ng4 23. Qe2 Rxc3 24. Nxc3 Bxb3 25. axb3 h5 26. f5 1-0

[Event "Americana op"]
[Site "Americana"]
[Date "2009.09.06"]
[Round "3"]
[White "Terao, Juliana Sayumi"]
[Black "Barbosa, Evandro Amorim"]
[Result "1/2-1/2"]
[WhiteElo "2153"]
[BlackElo "2293"]
[PlyCount "154"]
[EventDate "2009.09.05"]
[EventType "swiss"]
[EventRounds "6"]
[EventCountry "BRA"]
[SourceTitle "CBM 132 Extra"]
[Source "ChessBase"]
[SourceDate "2009.11.03"]
[SourceVersion "1"]
[SourceVersionDate "2009.11.03"]
[SourceQuality "1"]

1. e4 c5 2. c3 Nf6 3. e5 Nd5 4. d4 cxd4 5. Qxd4 e6 6. Nf3 Nc6 7. Qe4 f5 8. Qe2
Qc7 9. g3 b6 10. Bg2 Ncb4 11. Qd1 Ba6 12. Bf1 Bxf1 13. Kxf1 Nc6 14. Qe2 b5 15.
Kg2 Qb7 16. Re1 Be7 17. h4 a5 18. Kh2 a4 19. Nbd2 O-O 20. Qd3 Rac8 21. Nf1 Na5
22. Bg5 Bc5 23. Re2 h6 24. Bd2 Nc4 25. Be1 a3 26. bxa3 Ra8 27. Rb1 Qc6 28. Nd4
Bxd4 29. cxd4 Rxa3 30. Rb3 Rfa8 31. Qb1 Qb6 32. Rxb5 Qxd4 33. Rb8+ Kh7 34. Rxa8
Rxa8 35. f4 Qa7 36. Qb3 Qa6 37. Qf3 Qc6 38. Qb3 Ra3 39. Qc2 Qa6 40. Kg1 Rf3 41.
Nh2 Ra3 42. Nf1 Qb5 43. Qc1 Ra4 44. Rc2 Na3 45. Rb2 Qa6 46. Bf2 Rc4 47. Qd1 Qc6
48. Qb3 Rc1 49. Qxa3 Qc4 50. Re2 Nc3 51. Re1 Rxe1 52. Bxe1 Ne2+ 53. Kf2 Nc1 54.
Qe3 Qxa2+ 55. Qd2 Nd3+ 56. Ke3 Nb2 57. Kf2 Qb3 58. Ne3 Nd3+ 59. Ke2 Nc5 60. Qc3
Qa2+ 61. Qc2 Qa6+ 62. Qc4 Qb6 63. Bb4 Ne4 64. g4 Ng3+ 65. Kf3 fxg4+ 66. Kxg3
Qxe3+ 67. Kg2 Qf3+ 68. Kg1 Qg3+ 69. Kf1 Qxh4 70. Qd3+ Kh8 71. Be1 Qh1+ 72. Ke2
Qh2+ 73. Ke3 g3 74. Qg6 Qg1+ 75. Ke2 Qg2+ 76. Ke3 Qg1+ 77. Ke2 Qg2+ 1/2-1/2

[Event "Americana op"]
[Site "Americana"]
[Date "2009.09.06"]
[Round "4"]
[White "Barbosa, Evandro Amorim"]
[Black "Oliveira, Silvio Eduardo"]
[Result "1/2-1/2"]
[WhiteElo "2293"]
[BlackElo "2371"]
[PlyCount "45"]
[EventDate "2009.09.05"]
[EventType "swiss"]
[EventRounds "6"]
[EventCountry "BRA"]
[SourceTitle "CBM 132 Extra"]
[Source "ChessBase"]
[SourceDate "2009.11.03"]
[SourceVersion "1"]
[SourceVersionDate "2009.11.03"]
[SourceQuality "1"]

1. e4 c5 2. Nf3 Nc6 3. d4 cxd4 4. Nxd4 e6 5. Nc3 d6 6. Be3 Nf6 7. f4 a6 8. Qf3
Qa5 9. Nb3 Qc7 10. O-O-O b5 11. Bd3 Bb7 12. Kb1 Be7 13. Qh3 Nb4 14. Rhe1 Nxd3
15. cxd3 h5 16. Rc1 Qd7 17. Bd4 b4 18. Ne2 a5 19. e5 dxe5 20. fxe5 Nd5 21. Nd2
a4 22. Ne4 a3 23. b3 1/2-1/2

[Event "Americana op"]
[Site "Americana"]
[Date "2009.09.07"]
[Round "5"]
[White "Name, Gabriel Ricardo"]
[Black "Barbosa, Evandro Amorim"]
[Result "0-1"]
[WhiteElo "2189"]
[BlackElo "2293"]
[PlyCount "84"]
[EventDate "2009.09.05"]
[EventType "swiss"]
[EventRounds "6"]
[EventCountry "BRA"]
[SourceTitle "CBM 132 Extra"]
[Source "ChessBase"]
[SourceDate "2009.11.03"]
[SourceVersion "1"]
[SourceVersionDate "2009.11.03"]
[SourceQuality "1"]

1. d4 Nf6 2. c4 g6 3. Nc3 Bg7 4. e4 d6 5. Nf3 O-O 6. Be2 e5 7. d5 a5 8. O-O Na6
9. Bg5 h6 10. Bh4 Qe8 11. Nd2 Nh7 12. a3 Bd7 13. Bg4 Bxg4 14. Qxg4 h5 15. Qe2
g5 16. Qxh5 gxh4 17. Qxh4 f5 18. exf5 Rxf5 19. Rae1 Qg6 20. Re3 Rf4 21. Qh3 Ng5
22. Qd7 Raf8 23. Rg3 Qf6 24. f3 Rh4 25. Re1 Nc5 26. Qxc7 e4 27. Nb5 Qf4 28. Re2
exf3 29. gxf3 Nh3+ 30. Kh1 Qh6 31. Qxd6 Nd3 32. Qxh6 Rxh6 33. Ne4 Kh8 34. Rd2
Ne5 35. Rdg2 Rh7 36. Nd2 Nf4 37. Rf2 Rh4 38. Rf1 Ned3 39. Rb1 Rf6 40. d6 Rfh6
41. Nf1 Be5 42. Rg5 Nf2+ 0-1

[Event "Nova Resende"]
[Site "Nova Resende"]
[Date "2009.10.??"]
[Round "1"]
[White "Barbosa, Evandro Amorim"]
[Black "Santiago, Yago de Moura"]
[Result "1/2-1/2"]
[WhiteElo "2220"]
[BlackElo "2291"]
[PlyCount "91"]
[EventDate "2009.10.??"]
[EventType "tourn"]
[EventRounds "11"]
[EventCountry "BRA"]
[EventCategory "2"]
[SourceTitle "EXT 2011"]
[Source "ChessBase"]
[SourceDate "2010.11.26"]
[SourceVersion "1"]
[SourceVersionDate "2010.11.26"]
[SourceQuality "1"]

1. e4 c5 2. Nf3 Nc6 3. Nc3 d6 4. d4 cxd4 5. Nxd4 e5 6. Ndb5 a6 7. Na3 b5 8. Nd5
Nge7 9. c4 Nd4 10. Bd3 Nxd5 11. cxd5 g6 12. O-O Bg7 13. Be3 O-O 14. Bxd4 exd4
15. Nc2 Qb6 16. Qd2 Bd7 17. Rac1 Rac8 18. Rfd1 Rc7 19. Nb4 Rfc8 20. Rxc7 Rxc7
21. Rc1 Rc5 22. Be2 Qc7 23. Nd3 Rc4 24. Rb1 a5 25. Ne1 Rc5 26. Qd1 f5 27. Bd3
Qc8 28. Qe2 fxe4 29. Bxe4 Rc1 30. Qd2 Rxb1 31. Bxb1 a4 32. Be4 Qc4 33. a3 Bf6
34. Nd3 Be8 35. Qe2 Bf7 36. Qf3 Kg7 37. g3 Qb3 38. h4 h5 39. Kg2 Be8 40. Qf4
Be7 41. Qd2 Bf7 42. Nf4 Bf6 43. Kh2 Qc4 44. Bd3 Qb3 45. Be4 Qc4 46. Bd3 1/2-1/2